| 000 | 01392nam a2200301 a 4500 | ||
|---|---|---|---|
| 001 | 000087497 | ||
| 005 | 20200120225006.0 | ||
| 008 | 190829s2013 ck gr|||| 000 j spa d | ||
| 020 | _a9789584245281 | ||
| 041 | 0 | _aspa | |
| 043 | _as-ck--- | ||
| 045 | _ax-x- | ||
| 090 |
_aAC _bMENMim |
||
| 100 | 1 |
_aMendoza, Mario _d1964- |
|
| 245 | 1 | 0 |
_aLa importancia de morir a tiempo / _cMario Mendoza. |
| 250 | _a5a. ed. | ||
| 260 |
_aBogotá : _bPlaneta, _c2013. |
||
| 300 | _a277 páginas. | ||
| 490 | 0 | _aAutores españoles e iberoamericanos | |
| 520 | 3 | _a"El trabajo de un escritor requiere adentrarse en el corazón humano. Mario Mendoza ha recorrido los recovecos del cuerpo y el alma, y ha encontrado que, en lo inusual, en lo fuera de serie, se esconden las respuestas del misterio de estar vivos. En una narración vibrante y llena de fuerza, esta obra constituye una serie de relatos en los que aparecen Agatha Christie, Bruce Lee o Neil Armstrong, u otros en los que se habla de ciudades subterráneas y mundos desconocidos, hacen de este libro una lectura cautivante y estremecedora" | |
| 586 | _aPremio de Cuento Ciudad de Bogotá, 2009 | ||
| 650 | 1 | 4 | _aCuentos colombianos |
| 650 | 2 | 4 | _aLiteratura colombiana |
| 650 | 2 | 4 | _aMuerte en la literatura |
| 650 | 2 | 4 | _aSoledad en la literatura |
| 650 | 2 | 4 | _aVida cotidiana en la literatura |
| 650 | 2 | 4 | _aEmociones en la literatura |
| 999 |
_c12079 _d12079 |
||